000 00873nam a2200253Ia 4500
003 OSt
005 20221005113111.0
006 a|||||r|||| 00| 0
007 ta
008 221004b |||||||| |||| 00| 0 eng d
020 _a8187654147 (hbk)
_cINR 595.00
024 _a68588
037 _b1168, 30/12/2019, H.K. Prakashan
_cTextual
040 _aCRL
_cCRL
_beng
041 _2eng
_aeng
082 _aO153:g, Q9
100 _aਦੋਵਿੰਦਰ ਕੌਰ, ਂਚ।
_9160389
245 0 _aਸਾਹਿਤਕ ਕੋਲਾਜ
260 _aਦਿੱਲੀ
_bਮਨਪ੍ਰੀਤ ਪ੍ਰਕਾਨ ਭਾਰਤ
_c2019
300 _a227ਪ੍ਰ0
_ccm.
650 _aਪੰਜਾਬੀ ਸਾਹਿਤ
942 _hO153:g, Q9
_cTEXL
_2cc
999 _c1027045
_d1027045